LIBRARY ONLINE CATALOGUE

Manson's Tropical Diseases (Record no. 16689)

MARC details
000 -LEADER
fixed length control field 00686cam a22002412 4500
001 - CONTROL NUMBER
control field 0000020256
003 - CONTROL NUMBER IDENTIFIER
control field OSt
005 - DATE AND TIME OF LATEST TRANSACTION
control field 20181002153300.0
008 - FIXED-LENGTH DATA ELEMENTS--GENERAL INFORMATION
fixed length control field 110906s xx 000 0 eng d
020 ## - INTERNATIONAL STANDARD BOOK NUMBER
International Standard Book Number 1416044710
040 ## - CATALOGING SOURCE
Original cataloging agency KABU
Transcribing agency KABU
245 10 - TITLE STATEMENT
Title Manson's Tropical Diseases
Statement of responsibility, etc. edited by Gordon C. Cook and Alimuddin I. Zumla
250 ## - EDITION STATEMENT
Edition statement 22nd ed.
260 ## - PUBLICATION, DISTRIBUTION, ETC. (IMPRINT)
Place of publication, distribution, etc. London :
Name of publisher, distributor, etc. Saunders,
Date of publication, distribution, etc. 2009.
300 ## - PHYSICAL DESCRIPTION
Extent xx, 1830 p.
650 #0 - SUBJECT ADDED ENTRY--TOPICAL TERM
Topical term or geographic name as entry element Tropical medicine.
700 1# - ADDED ENTRY--PERSONAL NAME
Personal name Cook, Gordon.
700 1# - ADDED ENTRY--PERSONAL NAME
Personal name Zumla, Alimuddin.
908 ## - PUT COMMAND PARAMETER (RLIN)
Put command parameter 110906
942 ## - ADDED ENTRY ELEMENTS (KOHA)
Source of classification or shelving scheme Library of Congress Classification
Koha item type General Collection
Holdings
Withdrawn status Lost status Source of classification or shelving scheme Not for loan Home library Current library Shelving location Date acquired Cost, normal purchase price Total Checkouts Total Renewals Full call number Barcode Date last seen Date last checked out Copy number Price effective from Koha item type Checked out
    Library of Congress Classification   Kabarak, Main Campus Kabarak, Main Campus General Stacks 09/03/2018 8785.00 6 1 RC961 .M362 2009 c.1 024492 07/06/2025 22/05/2025 c.1 09/03/2018 General Collection  
    Library of Congress Classification   Kabarak, Main Campus Kabarak, Main Campus   09/03/2018 8785.00 8   RC961 .M362 2009 c.2 33939 20/06/2026 20/06/2026 c.2 09/03/2018 General Collection 07/07/2026
    Library of Congress Classification   Kabarak, Main Campus Kabarak, Main Campus   09/03/2018 8785.00 4   RC961 .M362 2009 c.3 024482 28/03/2024 12/03/2024 c.3 09/03/2018 General Collection